| 000 | 00517 a2200181 4500 | ||
|---|---|---|---|
| 003 | OSt | ||
| 005 | 20260305123512.0 | ||
| 008 | 231213b |||||||| |||| 00| 0 eng d | ||
| 020 | _a9789355493057 | ||
| 040 | _coclc | ||
| 082 |
_a894.8124 _bPAU/D |
||
| 100 | 1 |
_aBēbi Pōḷ, Vinil _99798 |
|
| 245 |
_aDalit Charithradamsanam / _cVinil Paul |
||
| 250 | _a1st ed. | ||
| 260 |
_aKozhikode: _bMathrubhumi Books, _c2022. |
||
| 300 | _a192p. | ||
| 942 |
_2ddc _cBK _h894.8124 _iPAU/D _k894.8124 _mPAU/D |
||
| 999 |
_c44095 _d44095 |
||